000 01388nam0a2200373 4500
001 RU\NLR\bibl\1354324
005 20250615174740.0
010 _a978-5-88187-353-0
_91000
021 _aRU
_b2009-10368
_9605
035 _a(nilc)EL/0000228590
035 _aRSL-KNO-004249605
035 _a(NLR Aleph) 001339385
090 _a850997
_c850997
100 _a20081125d2008 |||y0rusy50 ca
101 0 _arus
102 _aRU
105 _ay |||||||||
200 1 _aПрава человека
_eкнига для чтения
_e9-11 классы
_f[сост.: ...А. Суслов, д.ист.н. (отв. ред.)]
205 _a[Изд. 3-е, перераб. и доп.]
210 _aПермь
_cиздатель Максарова И.
_d2008
215 _a356, [1] с.
_d23
320 _aБиблиогр. в подстроч. примеч.
606 1 _aПрава человека
_jХрестоматии для средней школы
_91664384
_3RU\NLR\auth\66737686
686 _aХ620.3,0
_2rubbk
686 _aХ620.32я72-3
686 _aХ911.3я72-3
702 1 _aСуслов
_bА. Б.
_gАндрей Борисович
_4220
801 0 _aRU
_bПермская ГОУБ
_c20081125
_grcr
801 1 _aRU
_bПермская ГОУБ
_c20081125
801 2 _aRU
_bNLR
_c20090408
_grcr
830 _aавт. по базе
942 _cBOOK
980 _aNB